000 01508nac a22003977a 4500
001 BR8000189
003 BR-BrBNA
005 20240105114612.0
008 230509b bl.|||m| |||| 00| 0 por d
040 _aBR-BrBNA
_bpor
_cBiblioteca Nacional de Agricultura
072 _aF00; E15
090 _a0150 BR8000189
100 1 _aOliveira, A.B. de
100 1 _aCunha, H.
100 1 _aYamaguchi, L.C.T.
100 1 _aAlves, T.
100 1 _aSantos, F.G. dos
100 1 _aAmorim Neto, S.
110 1 _aEmpresa de Pesquisa Agropecuaria do Estado do Rio de Janeiro, Niteroi (Brasil)
245 1 _aAvaliacao tecnica e economica dos sistemas de producao de arroz em varzeas umidas irrigadas da regiao norte fluminense. Safra 1977/78 [Oryza sativa; Brasil]
246 1 _a[Technical and economical evaluation of rice production systems in irrigated humid lowlands of the Northern area of Rio de Janeiro state. 1977/78 harvest [Oryza sativa; Brazil]]
260 3 _aNiteroi, RJ (Brasil):
_cSep 1979.
300 _a28 p.
490 _aBoletim Tecnico - Empresa de Pesquisa Agropecuaria do Estado do Rio de Janeiro (Brazil)
_vno. 3
_x
500 _a9 tables; 12 ref.; Summaries (En, Pt)
650 _aProducao vegetal
650 _aMicroeconomia
650 _aArroz irrigado
650 _aPratica cultural
650 _aProdutividade
650 _aVarzea
650 _aZona umida
650 _aRio de Janeiro
909 _a202312
_bLúcia Elande
_c55
_dLúcia Elande
942 _2AGRIS
_n0
_cMS
999 _c270282
_d270282